Participación en la educación: experiencias recientes en Chile

Guardado en:
Detalles Bibliográficos
Autor principal: Courard, Hernán (Autor)
Formato: Libro
Lenguaje:español
Publicado: Santiago Flacso 1997
Colección:Nueva Serie Flacso
Materias:
Etiquetas: Agregar Etiqueta
Sin Etiquetas, Sea el primero en etiquetar este registro!

MARC

LEADER 00000nam a2200000 a 4500
001 UCP2401
003 CL-VaPUC
008 990514e19970000CL |||||||||||||||||spa|d
082 0 4 |a 370.983  |b COU  |2 21 
100 0 |a Courard, Hernán  |e author  |9 429129 
245 1 0 |a Participación en la educación: experiencias recientes en Chile 
300 |a 22 p 
942 |c BK 
945 |d 19990514 00:00:00  |a rbrito 
260 |a Santiago  |b Flacso  |c 1997 
650 0 |a Política educacional  |9 308011 
650 0 |a Democratización de la educación  |9 307986 
650 0 |a Reforma educacional   |9 256319 
650 7 |a GESTION MUNICIPAL  |2 CL-VaPUC  |9 429130 
651 7 |a CHILE  |2 CL-VaPUC  |9 429131 
583 |a last modification  |c 19990514 00:00:00  |k Rodrigo Vera 
490 0 |a Nueva Serie Flacso 
999 |c 280936  |d 280934 
952 |0 0  |1 0  |4 0  |6 370_983000000000000_COU_1997  |7 0  |8 A  |9 321484  |a BIBEDU  |b BIBEDU  |d 2019-11-20  |i 3517411  |o 370.983 COU 1997  |p 3517411  |r 2019-11-20  |w 2019-11-20  |y BK  |k BME